000 00485nam a2200157 i 4500
001 74510
003 ES-MaACL
007 t|
008 040920s1954 sp ||||1| spa d
100 1 _aGoudge, Elizabeth.
_959313
245 1 3 _aLa estrella sobre la fuente /
_cElizabeth Goudge ; [versión española de Antonio Ribera].
260 _aBarcelona :
_bExito,
_c[1954] (
_fDuplex)
300 _a314 p. ;
_c20 cm.
700 1 _aRibera, Antonio.
_996769
852 _aES-MaACL
_jC-8782
_bR.36810
999 _c74510
_d74510